000 00662cam a22002291 4500
001 sa 67002079
003 DLC
005 20260227112328.0
008 750612s1964 xx 000 0 eng
010 _asa 67002079
035 _a(OCoLC)1388666
040 _aDLC
_cNSyU
_dDLC
042 _apremarc
050 0 0 _aTA190
_b.I4
110 1 _aIndia (Republic).
_bCommittee on Plan Projects.
245 1 0 _aGuide to project management;
_bprogramme evaluation and review technique.
260 _aNew Delhi
_c[1964]
300 _a43 p.
_billus.
_c24 cm.
504 _aBibliography: p. 43.
650 0 _aEngineering
_xManagement.
650 0 _aCritical path analysis.
999 _c73029
_d73029